[Event "Russian Championship G15 1st league 2016"]
[Site "Loo"]
[Date "2016.04.24"]
[Round "5.17"]
[White "Alekseenko, Aleksandra"]
[Black "Chagina, Ulyana"]
[Result "0-1"]
[WhiteElo "1542"]
[BlackElo "1276"]
[PlyCount "84"]
[EventDate "2016.04.20"]

1. e4 e6 2. d4 d5 3. e5 c5 4. c3 Nc6 5. Nf3 Nge7 6. a3 Nf5 7. b4 cxb4 8. cxb4
a6 9. Bb2 Be7 10. Be2 O-O 11. O-O f6 12. Nc3 b5 13. Qd2 Qe8 14. Rac1 Bb7 15.
Rfd1 fxe5 16. Nxe5 Nxe5 17. dxe5 Nh4 18. Bf1 Qg6 19. Qd3 Nf3+ 20. Kh1 Nxe5 21.
Qxg6 Nxg6 22. Re1 Rxf2 23. Ba1 Raf8 24. Kg1 e5 25. Be2 d4 26. Bf3 Bxf3 27. gxf3
R2xf3 28. Nd5 Bh4 29. Rf1 Rxf1+ 30. Rxf1 Rxf1+ 31. Kxf1 Bd8 32. Ke2 Kf7 33. Kd3
Ke6 34. Ke4 Kd6 35. Bb2 Nf8 36. Ba1 Ne6 37. Ne3 dxe3 38. Bxe5+ Kc6 39. Kxe3 Kd5
40. Bb2 Kc4 41. Kd2 Kb3 42. Kc1 Bf6 0-1

[Event "Russian Championship G15 1st league 2016"]
[Site "Loo"]
[Date "2016.04.24"]
[Round "5.18"]
[White "Khairullina, Gulshat"]
[Black "Kolesnikova, Kseniya"]
[Result "1-0"]
[WhiteElo "1157"]
[BlackElo "1526"]
[PlyCount "55"]
[EventDate "2016.04.20"]

1. e4 e5 2. Nf3 d6 3. Bc4 Be7 4. d3 Nf6 5. h3 O-O 6. O-O Nbd7 7. Be3 c6 8. Nc3
Qa5 9. a3 d5 10. exd5 cxd5 11. b4 Qc7 12. Nxd5 Nxd5 13. Bxd5 Nf6 14. Bb3 Bf5
15. Nh4 Qd7 16. Qf3 Be6 17. Bxe6 Qxe6 18. Nf5 Rac8 19. Nxe7+ Qxe7 20. Bc5 Rxc5
21. bxc5 Qxc5 22. Qxb7 Qxc2 23. Rfe1 Qxd3 24. Rxe5 Qd4 25. Rae1 h6 26. Re7 g6
27. Qxa7 Qxa7 28. Rxa7 1-0

[Event "Russian Championship G15 1st league 2016"]
[Site "Loo"]
[Date "2016.04.24"]
[Round "5.23"]
[White "Nerusheva, Arina"]
[Black "Tereschenko, Dariy"]
[Result "1/2-1/2"]
[WhiteElo "1513"]
[BlackElo "1312"]
[PlyCount "80"]
[EventDate "2016.04.20"]

1. e4 e6 2. d4 d5 3. Nd2 dxe4 4. Nxe4 Nd7 5. Nf3 Ngf6 6. Bd3 Be7 7. O-O Nxe4 8.
Bxe4 Nf6 9. Bd3 O-O 10. Re1 c5 11. h3 cxd4 12. Nxd4 Bc5 13. Nb3 Be7 14. Bd2 b6
15. Qf3 Qd5 16. Qxd5 Nxd5 17. a3 Bb7 18. Be4 Rab8 19. Rad1 Nf6 20. Bxb7 Rxb7
21. Bf4 Nd5 22. Bg3 Rc8 23. c3 Rd7 24. Nd4 a6 25. Re2 Bf6 26. Ree1 h6 27. Bh2
Bxd4 28. Rxd4 Rcd8 29. Red1 Nf6 30. Rxd7 Rxd7 31. Rxd7 Nxd7 32. Kf1 e5 33. Ke2
Kf8 34. Ke3 Ke7 35. f4 Ke6 36. c4 f5 37. b4 e4 38. Kd4 Kd6 39. Bg3 Nf6 40. Bh2
Nd7 1/2-1/2

[Event "Russian Championship G15 1st league 2016"]
[Site "Loo"]
[Date "2016.04.24"]
[Round "5.24"]
[White "Vlezko, Maria"]
[Black "Schegoleva, Sofia"]
[Result "0-1"]
[WhiteElo "1432"]
[BlackElo "1501"]
[PlyCount "110"]
[EventDate "2016.04.20"]

1. c4 e5 2. Nc3 Nc6 3. g3 g6 4. Bg2 Bg7 5. e3 d6 6. Nge2 Nge7 7. O-O O-O 8. a3
a5 9. Rb1 Be6 10. Nd5 Qc8 11. b4 axb4 12. axb4 Bxd5 13. cxd5 Nd8 14. b5 f5 15.
d3 c5 16. dxc6 bxc6 17. bxc6 Ndxc6 18. d4 Rd8 19. dxe5 dxe5 20. Qb3+ Kh8 21.
Ba3 Rb8 22. Qf7 Rf8 23. Rxb8 Qxb8 24. Qc4 e4 25. f3 exf3 26. Bxf3 Ne5 27. Qe6
Nxf3+ 28. Rxf3 Re8 29. Bxe7 Qb7 30. Nd4 Rxe7 31. Qd6 Qe4 32. Nc2 Re8 33. Rf2
Be5 34. Qd7 Bf6 35. Rf4 Qe5 36. g4 Rd8 37. Qf7 Bg5 38. Rf3 fxg4 39. Rf2 Rd1+
40. Rf1 Rxf1+ 41. Kxf1 Qf5+ 42. Qxf5 gxf5 43. Kf2 Kg7 44. Kg3 h5 45. Nd4 Kg6
46. Kf2 Bf6 47. Ne6 Kf7 48. Nf4 h4 49. Nh5 Be5 50. Kg2 Kg6 51. Nf4+ Bxf4 52.
exf4 h3+ 53. Kf2 Kf6 54. Kg3 Ke6 55. Kh4 Kd5 0-1

[Event "Russian Championship G15 1st league 2016"]
[Site "Loo"]
[Date "2016.04.24"]
[Round "5.27"]
[White "Maltsevskaya, Anna"]
[Black "Voskresenskaya, Alevtina"]
[Result "0-1"]
[WhiteElo "1326"]
[BlackElo "1478"]
[PlyCount "64"]
[EventDate "2016.04.20"]

1. e4 e6 2. d4 d5 3. Nc3 Bb4 4. exd5 exd5 5. Bd2 Nf6 6. Nf3 Bf5 7. a3 Bd6 8.
Bg5 c6 9. Bd3 Bxd3 10. Qxd3 O-O 11. O-O Nbd7 12. Rfe1 Qc7 13. b4 a6 14. a4 Bxb4
15. Ne5 Qa5 16. Nxd7 Nxd7 17. Bd2 Nf6 18. f3 Rfe8 19. Re5 b5 20. Rg5 Re6 21.
Ra2 Bxc3 22. Bxc3 Qb6 23. axb5 cxb5 24. Bd2 Rae8 25. Ra1 h6 26. Rg3 b4 27. Bxh6
Nh5 28. Rg5 Rxh6 29. g4 Nf4 30. Rxg7+ Kxg7 31. Qf5 Qxd4+ 32. Kh1 Qxa1# 0-1

[Event "Russian Championship G15 1st league 2016"]
[Site "Loo"]
[Date "2016.04.24"]
[Round "5.28"]
[White "Leontieva, Lada"]
[Black "Shadrukhina, Svetlana"]
[Result "0-1"]
[WhiteElo "1071"]
[BlackElo "1434"]
[PlyCount "106"]
[EventDate "2016.04.20"]

1. d4 Nf6 2. Nf3 g6 3. c4 d6 4. Nc3 Bg7 5. h3 O-O 6. Bf4 Nbd7 7. e3 b6 8. Be2
Bb7 9. O-O c5 10. d5 Qc7 11. Qc2 Rfe8 12. Rad1 a6 13. b3 Rad8 14. Rfe1 h6 15.
Nd2 e6 16. dxe6 Rxe6 17. Bf3 Bxf3 18. Nxf3 Nb8 19. Rd2 Nc6 20. Red1 Na5 21. Nd5
Nxd5 22. Rxd5 Nb7 23. R5d3 Qc6 24. R3d2 Kh7 25. Rd5 Kg8 26. Qb1 b5 27. cxb5
axb5 28. Qc2 Qb6 29. a4 bxa4 30. bxa4 Bf8 31. Rb1 Qa6 32. Nd2 Na5 33. Qb2 Nc6
34. Qb5 Qxb5 35. axb5 Nb4 36. e4 Nxd5 37. exd5 Re7 38. Nc4 Re4 39. Na5 Rxf4 40.
b6 Rb4 41. Rxb4 cxb4 42. Nc6 b3 43. b7 b2 44. Nxd8 b1=Q+ 45. Kh2 Qb6 46. Nc6
Qxb7 47. Kh1 Qb5 48. Kh2 Qxd5 49. Nb4 Qe5+ 50. g3 Qe1 51. Kg2 Qxb4 52. h4 d5
53. Kf3 Qe4# 0-1

[Event "Russian Championship G15 1st league 2016"]
[Site "Loo"]
[Date "2016.04.24"]
[Round "5.32"]
[White "Esenina, Elena"]
[Black "Shelezhonkova, Kseniya"]
[Result "0-1"]
[WhiteElo "1266"]
[BlackElo "1446"]
[PlyCount "130"]
[EventDate "2016.04.20"]

1. g3 d5 2. d4 c6 3. Bg2 Nf6 4. Nf3 Bg4 5. O-O Nbd7 6. c3 e6 7. Bf4 Be7 8. Ne5
Nxe5 9. Bxe5 O-O 10. Bxf6 Bxf6 11. Qd3 Bf5 12. e4 dxe4 13. Bxe4 Bxe4 14. Qxe4
Re8 15. Qc2 e5 16. dxe5 Bxe5 17. Nd2 Qc7 18. Nf3 Bf6 19. Rad1 Rad8 20. Rde1 Qa5
21. a3 g6 22. Rxe8+ Rxe8 23. Rd1 Qb5 24. Re1 Rd8 25. Rb1 Qd5 26. Qe2 Qb3 27.
Rc1 Qd5 28. Kg2 Kf8 29. Rc2 Re8 30. Qd2 Qe4 31. Rc1 Rd8 32. Qc2 Qd5 33. Qe2 Re8
34. Qc2 Qc4 35. Qd2 Re2 36. Qd6+ Kg7 37. Nd2 Qb5 38. Rc2 Qf5 39. Qf4 Qxc2 40.
Nf3 Rxf2+ 41. Kh3 Qf5+ 42. Qxf5 gxf5 43. Ne1 Rxb2 44. Nd3 Rb3 45. Nc5 Rxc3 46.
Nxb7 Rxa3 47. Kg2 Rb3 48. Na5 Rb2+ 49. Kf3 c5 50. Kf4 Rxh2 51. Kxf5 Re2 52. Kf4
Rc2 53. Nc6 a6 54. Na5 c4 55. Ke3 c3 56. Nb3 Rb2 57. Na1 Rg2 58. Kf3 Ra2 59.
Nb3 c2 60. Ke2 c1=Q+ 61. Kf3 Qc3+ 62. Kg4 Qxb3 63. Kh3 Qe6+ 64. g4 h5 65. Kg3
Qxg4# 0-1

[Event "Russian Championship G15 2016"]
[Site "Loo"]
[Date "2016.04.24"]
[Round "5.1"]
[White "Maltsevskaya, Aleksandra"]
[Black "Afanasieva, Alexandra"]
[Result "1-0"]
[WhiteElo "2146"]
[BlackElo "1901"]
[PlyCount "191"]
[EventDate "2016.04.20"]

1. e4 c6 2. Nc3 d5 3. Nf3 Bg4 4. h3 Bxf3 5. Qxf3 e6 6. d3 Nd7 7. Bd2 dxe4 8.
dxe4 Ngf6 9. g4 h6 10. Bg2 Qc7 11. O-O-O O-O-O 12. Ne2 Bd6 13. Qc3 e5 14. Be3
Kb8 15. Rd2 Nb6 16. Rhd1 Qe7 17. Ng3 g6 18. f4 Nc8 19. a3 Rhe8 20. f5 g5 21.
Bf3 Bc7 22. Bc5 Bd6 23. Bxd6+ Rxd6 24. Rxd6 Nxd6 25. Qc5 Nc8 26. Qa5 Qc7 27.
Qd2 Nb6 28. Qc3 Nbd7 29. Nf1 Nb6 30. Ne3 Qe7 31. Kb1 Nfd7 32. Ka2 f6 33. b3 Rd8
34. a4 Nf8 35. Rxd8+ Qxd8 36. a5 Nc8 37. Nc4 Nd6 38. a6 Nxc4 39. Qxc4 Nd7 40.
axb7 Kxb7 41. Be2 Qa5+ 42. Kb2 Qb6 43. Qf7 Qd4+ 44. Ka2 Kb6 45. Qe8 Kc7 46. Ba6
Qxe4 47. Qc8+ Kd6 48. Bd3 Qd5 49. Bc4 Qd2 50. Kb2 Qd4+ 51. Ka2 Qd2 52. Bd3 Qa5+
53. Kb2 e4 54. Bc4 Qe5+ 55. Kb1 Qe7 56. Be6 e3 57. Qb7 Nb6 58. Qa6 Nd5 59. Kc1
Nb6 60. Qd3+ Kc7 61. Qxe3 Qa3+ 62. Kb1 Qd6 63. Qc3 Nd7 64. Bc4 Ne5 65. Qa5+ Kb8
66. Be2 Nd7 67. Qd8+ Kb7 68. Bc4 Qd1+ 69. Kb2 Qd4+ 70. Ka2 c5 71. Be6 Nb6 72.
Qe7+ Kb8 73. Qe8+ Kc7 74. Qb5 Qc3 75. Qe2 Qxh3 76. Bf7 Qc3 77. Qe7+ Nd7 78. Qe2
Ne5 79. Be6 Kb6 80. Kb1 Nc6 81. Bd5 Nd4 82. Qh2 Qe1+ 83. Kb2 Nc6 84. Qg2 Qe5+
85. Kb1 Nb4 86. Ba8 Qe1+ 87. Kb2 Qe5+ 88. c3 Nd3+ 89. Ka3 Qc7 90. Qd5 Nf4 91.
Qc4 Qd6 92. Qf7 c4+ 93. b4 Kb5 94. Qb7+ Qb6 95. Qd7+ Ka6 96. Qa4+ 1-0

[Event "Russian Championship G15 2016"]
[Site "Loo"]
[Date "2016.04.24"]
[Round "5.2"]
[White "Pankova, Julia"]
[Black "Vinokur, Yuliya"]
[Result "0-1"]
[WhiteElo "1861"]
[BlackElo "1963"]
[PlyCount "62"]
[EventDate "2016.04.20"]

1. e4 Nf6 2. e5 Nd5 3. d4 d6 4. Nf3 Bg4 5. Be2 e6 6. O-O Be7 7. c4 Nb6 8. h3
Bxf3 9. Bxf3 Nc6 10. exd6 cxd6 11. d5 exd5 12. cxd5 Ne5 13. Be4 O-O 14. Nc3 Bf6
15. Qc2 g6 16. b3 Bg7 17. f4 Ned7 18. Bb2 Re8 19. Bf3 Qh4 20. Ne2 Rac8 21. Qd2
Bxb2 22. Qxb2 Nc5 23. Rad1 Re7 24. f5 Rce8 25. Rd4 Rxe2 26. Bxe2 Rxe2 27. Qxe2
Qxd4+ 28. Kh1 Qe4 29. Qd2 Qd3 30. Qf2 Ne4 31. Qf3 Qxf1+ 0-1

[Event "Russian Championship G15 2016"]
[Site "Loo"]
[Date "2016.04.24"]
[Round "5.3"]
[White "Miroshnik, Ekaterina"]
[Black "Budnikova, Varvara"]
[Result "1/2-1/2"]
[WhiteElo "1896"]
[BlackElo "1932"]
[PlyCount "79"]
[EventDate "2016.04.20"]

1. d4 d5 2. c4 dxc4 3. e4 Nf6 4. e5 Nd5 5. Bxc4 Nb6 6. Bb3 Nc6 7. Ne2 Bf5 8.
O-O e6 9. Nbc3 Qd7 10. Be3 O-O-O 11. Na4 Kb8 12. Nxb6 axb6 13. Ba4 Be7 14. Rc1
g5 15. Bb5 Qc8 16. Bxc6 bxc6 17. Ng3 Bg6 18. Qf3 Bd3 19. Rfd1 Ba6 20. Nh5 Rdf8
21. a4 Bb7 22. Qg4 Qd8 23. a5 Rfg8 24. axb6 cxb6 25. Bd2 Qd5 26. b4 Rg6 27. f3
Rhg8 28. Ng3 Rh6 29. Qe4 Qb5 30. Qe2 Qd5 31. Be1 Rhg6 32. Qc4 Qd7 33. h3 Rh8
34. Nh5 Rh6 35. Ng3 Rg6 36. Nh5 Rh6 37. Ng3 Rg6 38. Nh5 Rh6 39. Ng3 Rg6 40. Nh5
1/2-1/2

[Event "Russian Championship G15 2016"]
[Site "Loo"]
[Date "2016.04.24"]
[Round "5.4"]
[White "Fonyak, Marina"]
[Black "Goltseva, Ekaterina"]
[Result "1-0"]
[WhiteElo "1852"]
[BlackElo "2137"]
[PlyCount "135"]
[EventDate "2016.04.20"]

1. e4 c5 2. Nf3 e6 3. d4 cxd4 4. Nxd4 Nf6 5. Nc3 Nc6 6. Nxc6 bxc6 7. e5 Nd5 8.
Ne4 Qc7 9. f4 Qb6 10. c4 Bb4+ 11. Ke2 f5 12. exf6 Nxf6 13. Be3 Qd8 14. Nd6+
Bxd6 15. Qxd6 Bb7 16. Rd1 Rc8 17. b4 c5 18. Bxc5 Ne4 19. Qd4 Nxc5 20. Qxg7 Rf8
21. bxc5 Rxf4 22. Qg8+ Rf8 23. Qxh7 Rxc5 24. Qg6+ Ke7 25. Qh7+ Ke8 26. Qg6+ Ke7
27. Qh7+ Rf7 28. Qh4+ Ke8 29. Qxd8+ Kxd8 30. Kd3 Rf2 31. Rd2 Rxd2+ 32. Kxd2 Ra5
33. Kc3 Rxa2 34. h4 Rf2 35. Rg1 e5 36. h5 Ke7 37. g4 Bf3 38. h6 Be4 39. g5 Kf7
40. Kb4 d6 41. Bh3 Kg6 42. Be6 Rf8 43. Ka5 Re8 44. Bh3 Re7 45. Bf1 Bf5 46. Kb4
e4 47. Kc3 a5 48. Be2 Rb7 49. Kd4 a4 50. Ke3 Rb3+ 51. Kf4 Rh3 52. Bd1 a3 53. c5
dxc5 54. Ke5 Rd3 55. Bh5+ Kxh5 56. Kxf5 Rf3+ 57. Kxe4 Rf8 58. g6 Kxh6 59. g7
Rg8 60. Kf5 a2 61. Kf6 Kh5 62. Kf7 Ra8 63. g8=Q Rxg8 64. Kxg8 c4 65. Ra1 Kg5
66. Rxa2 Kf5 67. Rc2 Ke4 68. Rxc4+ 1-0

[Event "Russian Championship G15 2016"]
[Site "Loo"]
[Date "2016.04.24"]
[Round "5.5"]
[White "Filippova, Darya"]
[Black "Serditykh, Olesya"]
[Result "1-0"]
[WhiteElo "1976"]
[BlackElo "1844"]
[PlyCount "71"]
[EventDate "2016.04.20"]

1. d4 d5 2. Nf3 Nf6 3. c4 e6 4. Nc3 Be7 5. Bf4 c6 6. e3 O-O 7. h3 b6 8. cxd5
exd5 9. Bd3 Bb7 10. O-O c5 11. Qe2 Re8 12. Rfd1 Bd6 13. Bxd6 Qxd6 14. Rac1 Nc6
15. Bb1 Rad8 16. dxc5 bxc5 17. Qb5 Rb8 18. Na4 Nd7 19. Qd3 Nf6 20. Nxc5 Ba8 21.
Qd2 Ne5 22. Nxe5 Qxe5 23. Nb3 Qg5 24. Nd4 Nd7 25. b3 Rb6 26. Rc7 Nf8 27. Rxa7
Rh6 28. Kf1 Ne6 29. Rc1 Nxd4 30. Qxd4 Rh4 31. f4 Qh5 32. Qa4 Bc6 33. Qxc6 Rxf4+
34. Kg1 Qe5 35. exf4 Qe3+ 36. Kh1 1-0

[Event "Russian Championship G15 2016"]
[Site "Loo"]
[Date "2016.04.24"]
[Round "5.6"]
[White "Zotova, Anastasia"]
[Black "Kvachko, Anastasiya"]
[Result "1-0"]
[WhiteElo "1934"]
[BlackElo "1831"]
[PlyCount "97"]
[EventDate "2016.04.20"]

1. e4 e6 2. d4 d5 3. Nc3 dxe4 4. Nxe4 Bd7 5. Nf3 Bc6 6. Ned2 Nf6 7. Bd3 Be7 8.
O-O O-O 9. c4 b6 10. b3 Bb7 11. Bb2 Nbd7 12. Rc1 c5 13. Bb1 Qc7 14. Qc2 Rad8
15. Rfe1 Rfe8 16. dxc5 Bxc5 17. Ne5 Nxe5 18. Bxe5 Bxf2+ 19. Kxf2 Ng4+ 20. Kf1
Nxe5 21. Qxh7+ Kf8 22. Ne4 Ng4 23. Qh8+ Ke7 24. Qh4+ Nf6 25. Nxf6 gxf6 26.
Rxe6+ Kxe6 27. Qh3+ Kd6 28. Rd1+ Ke7 29. Re1+ Qe5 30. Rxe5+ fxe5 31. Qh5 Kd6
32. Bf5 Bc8 33. Be4 Kc5 34. a3 f5 35. Bd5 Rh8 36. b4+ Kd4 37. Qf3 e4 38. Qd1+
Kc3 39. h3 Rhe8 40. Ke1 Be6 41. Qd2+ Kb3 42. Qe3+ Kb2 43. Kd2 Rxd5+ 44. cxd5
Rd8 45. Qc3+ Kb1 46. Qc2+ Ka1 47. Kc1 Rc8 48. dxe6 Rxc2+ 49. Kxc2 1-0

[Event "Russian Championship G15 2016"]
[Site "Loo"]
[Date "2016.04.24"]
[Round "5.7"]
[White "Bulatova, Kamaliya"]
[Black "Kurkova, Sofia"]
[Result "1-0"]
[WhiteElo "1893"]
[BlackElo "1700"]
[PlyCount "71"]
[EventDate "2016.04.20"]

1. d4 d5 2. Bf4 Nf6 3. e3 e6 4. Nf3 Nbd7 5. Nbd2 Be7 6. h3 c5 7. c3 a6 8. Bd3
b5 9. O-O O-O 10. Qe2 Bb7 11. Rfe1 Qb6 12. Rad1 c4 13. Bb1 b4 14. Ne5 Nxe5 15.
dxe5 Nd7 16. Qg4 Rfc8 17. Nf3 Nf8 18. h4 Ng6 19. Qh5 Bc6 20. Bg5 Bf8 21. Qg4
bxc3 22. bxc3 Qc7 23. Bxg6 hxg6 24. h5 gxh5 25. Qxh5 g6 26. Qh4 Bg7 27. Bf6
Bxf6 28. exf6 Qd8 29. e4 e5 30. exd5 Ba4 31. Rd2 Rab8 32. Nxe5 Rb6 33. Nxg6
fxg6 34. Re7 Rb1+ 35. Kh2 Qc7+ 36. d6 1-0

[Event "Russian Championship G15 2016"]
[Site "Loo"]
[Date "2016.04.24"]
[Round "5.8"]
[White "Eliseeva, Maia"]
[Black "Koroleva, Evgeniya"]
[Result "0-1"]
[WhiteElo "1729"]
[BlackElo "1881"]
[PlyCount "78"]
[EventDate "2016.04.20"]

1. e4 c5 2. c3 d5 3. exd5 Qxd5 4. d4 Nf6 5. Nf3 e6 6. Be2 Nc6 7. O-O cxd4 8.
cxd4 Be7 9. Nc3 Qd6 10. h3 O-O 11. Be3 b6 12. a3 Bb7 13. Qb3 Na5 14. Qa2 Rad8
15. Rfd1 Nd5 16. Nb5 Qb8 17. Bd2 Nf4 18. Bxf4 Qxf4 19. Nxa7 Bd5 20. Qb1 Nb3 21.
Ra2 Be4 22. Bd3 Bxf3 23. gxf3 Nxd4 24. Bxh7+ Kh8 25. Be4 Nxf3+ 26. Bxf3 Qxf3
27. Re1 Bc5 28. b4 Qg3+ 29. Kf1 Qxh3+ 30. Ke2 Qg4+ 31. Kf1 Qc4+ 32. Kg2 Qg4+
33. Kf1 Rd5 34. Qe4 Qh3+ 35. Ke2 Qh5+ 36. Kf1 Rd4 37. Qe3 Rxb4 38. Qc3 Qh1+ 39.
Ke2 Re4+ 0-1

[Event "Russian Championship G15 2016"]
[Site "Loo"]
[Date "2016.04.24"]
[Round "5.9"]
[White "Popova, Irina"]
[Black "Shakhmatova, Kseniya"]
[Result "0-1"]
[WhiteElo "1856"]
[BlackElo "1828"]
[PlyCount "90"]
[EventDate "2016.04.20"]

1. d4 Nf6 2. c4 e6 3. Nc3 Bb4 4. Qc2 d5 5. cxd5 exd5 6. Bg5 h6 7. Bh4 c5 8.
dxc5 g5 9. Bg3 Ne4 10. e3 Qa5 11. Nge2 Bf5 12. Be5 f6 13. Bd4 Nc6 14. Qc1 Bxc5
15. f3 Nb4 16. Ng3 Nxg3 17. Bb5+ Kf7 18. Bxc5 Nxh1 19. Ke2 Bd3+ 20. Bxd3 Nxd3
21. Kxd3 Qxc5 22. Qxh1 Rhe8 23. Qg1 Rad8 24. Qf2 Qc4+ 25. Kc2 d4 26. exd4 Rxd4
27. Re1 Qd3+ 28. Kc1 Rxe1+ 29. Qxe1 Rd7 30. Qe4 Qd2+ 31. Kb1 Kg7 32. a3 Qxg2
33. Qa4 Rf7 34. Qxa7 Qxh2 35. Qe3 h5 36. Ne4 Qe5 37. Qd3 Re7 38. Nd6 Qe1+ 39.
Ka2 Qe6+ 40. Kb1 Rd7 41. Nf5+ Kh8 42. Qc2 Rd5 43. Ng3 h4 44. Nh5 Qf5 45. f4
Rd1+ 0-1

[Event "Russian Championship G15 2016"]
[Site "Loo"]
[Date "2016.04.24"]
[Round "5.10"]
[White "Alferova, Polina"]
[Black "Getman, Tatyana"]
[Result "1/2-1/2"]
[WhiteElo "1698"]
[BlackElo "1732"]
[PlyCount "112"]
[EventDate "2016.04.20"]

1. e4 e6 2. Qe2 d5 3. exd5 Qxd5 4. Nc3 Qd8 5. g3 Bd7 6. Bg2 Bc6 7. Nf3 Nf6 8.
b3 Bc5 9. Bb2 Nbd7 10. O-O O-O 11. Rad1 Nb6 12. d4 Bd6 13. Rfe1 a5 14. Ne5 Bxg2
15. Kxg2 a4 16. Qf3 a3 17. Bc1 c6 18. Ne4 Nxe4 19. Rxe4 Qc7 20. c4 Bxe5 21.
dxe5 Nd7 22. Bf4 b5 23. Qg4 Kh8 24. Qe2 Qb7 25. Kg1 Nc5 26. Red4 b4 27. Be3 Qe7
28. Qf3 f6 29. exf6 Qxf6 30. Rf4 Qe7 31. Qxc6 Rfc8 32. Bxc5 Qxc5 33. Qxc5 Rxc5
34. Rf7 Kg8 35. Rdd7 Rg5 36. Rb7 Rd8 37. Rfe7 h5 38. Red7 Rf8 39. Rxb4 h4 40.
Rbb7 h3 41. Kf1 Rf3 42. Rb5 e5 43. Rd2 Rgf5 44. Rbd5 Rc3 45. R5d3 Rc1+ 46. Rd1
Rc2 47. R3d2 Rc3 48. Rd3 Rc2 49. R3d2 Rc3 50. Re2 Kf7 51. Red2 Kg8 52. Rd8+ Kh7
53. R8d2 Kg8 54. Re2 Kf7 55. Ke1 Kf6 56. Kd2 Rff3 {далее запись неразбор~~ива}
1/2-1/2

[Event "Russian Championship G15 2016"]
[Site "Loo"]
[Date "2016.04.24"]
[Round "5.11"]
[White "Uskova, Taisiya"]
[Black "Znamenskaya, Darya"]
[Result "1-0"]
[WhiteElo "1811"]
[BlackElo "1589"]
[PlyCount "83"]
[EventDate "2016.04.20"]

1. e4 c6 2. d4 d5 3. e5 c5 4. c3 cxd4 5. cxd4 Nc6 6. Nf3 Bg4 7. Be2 Qb6 8. O-O
Bxf3 9. Bxf3 Qxd4 10. Bxd5 Qxe5 11. Qb3 Nd4 12. Bxf7+ Kd8 13. Rd1 Qd6 14. Qd3
Nc6 15. Bf4 e5 16. Bg5+ Nf6 17. Nc3 Qxd3 18. Rxd3+ Ke7 19. Bb3 Nd4 20. Nd5+ Kf7
21. Nxf6+ Nxb3 22. Rxb3 gxf6 23. Rxb7+ Ke6 24. Be3 f5 25. Rxa7 Rxa7 26. Bxa7
Bg7 27. a3 e4 28. Ra2 Rc8 29. g3 Rc2 30. a4 Rxb2 31. Rxb2 Bxb2 32. a5 Kd6 33.
a6 Kc7 34. Be3 Kb8 35. Kg2 Bg7 36. f3 Bc3 37. fxe4 fxe4 38. g4 Kc7 39. h3 Ba5
40. Kg3 Bb6 41. a7 Bxe3 42. a8=Q 1-0

[Event "Russian Championship G15 2016"]
[Site "Loo"]
[Date "2016.04.24"]
[Round "5.12"]
[White "Bogdanova, Natalya"]
[Black "Zaitseva, Lyudmila"]
[Result "0-1"]
[WhiteElo "1806"]
[BlackElo "1750"]
[PlyCount "108"]
[EventDate "2016.04.20"]

1. e4 c5 2. c4 Nc6 3. Nf3 d6 4. Nc3 Nf6 5. d3 g6 6. g3 Bg7 7. Bg2 O-O 8. O-O e5
9. Bg5 h6 10. Be3 Ng4 11. Bd2 f5 12. h3 Nf6 13. Nh4 Kh7 14. Kh2 f4 15. Nf3 g5
16. g4 Qe8 17. Nd5 Qg6 18. Ne1 a6 19. Nc7 Rb8 20. Nd5 h5 21. f3 Nxd5 22. cxd5
Ne7 23. b4 b6 24. Rb1 Bd7 25. a4 Qe8 26. Ra1 Bf6 27. Rh1 Kg7 28. Kg1 Ng6 29.
Kf2 h4 30. Qb3 Bd8 31. Qa3 Bc7 32. Nc2 b5 33. axb5 axb5 34. Qb3 Bb6 35. Ke2 c4
36. dxc4 bxc4 37. Qc3 Bb5 38. Rhc1 Qe7 39. Ke1 Qf6 40. Qb2 Bd4 41. Bc3 Be3 42.
Bd2 Qd8 43. Nxe3 fxe3 44. Bxe3 Nf4 45. Bxf4 Rxf4 46. Qc3 Qb6 47. Rd1 Qg1+ 48.
Bf1 Rbf8 49. Kd2 Rxf3 50. Be2 Qg2 51. Ra7+ Kg8 52. Qa1 c3+ 53. Kc1 Qxe2 54. Ra5
Rf1 0-1

[Event "Russian Championship G15 2016"]
[Site "Loo"]
[Date "2016.04.24"]
[Round "5.13"]
[White "Sargsyan, Anna"]
[Black "Mavrova, Kseniya"]
[Result "1-0"]
[WhiteElo "1783"]
[BlackElo "1727"]
[PlyCount "139"]
[EventDate "2016.04.20"]

1. c4 Nf6 2. Nc3 d5 3. d4 e6 4. Nf3 c6 5. e3 Nbd7 6. Qc2 Be7 7. Bd3 Qc7 8. b3
b6 9. Bb2 Bb7 10. e4 dxe4 11. Nxe4 Nxe4 12. Bxe4 Nf6 13. Rd1 Bb4+ 14. Nd2 Qf4
15. Bf3 Be7 16. Ne4 Nxe4 17. Qxe4 Qxe4+ 18. Bxe4 O-O 19. O-O Rab8 20. Rfe1 Bf6
21. Re2 Rfd8 22. Red2 Bg5 23. Rd3 Bf6 24. f4 g6 25. Ba3 Rd7 26. g4 Rbd8 27. Bb2
c5 28. Bxb7 Rxb7 29. Kf2 Rbd7 30. Ke3 Bg7 31. Bc3 cxd4+ 32. Bxd4 Bf8 33. Ke2
Be7 34. g5 Rd6 35. Bf6 Rxd3 36. Rxd3 Rxd3 37. Kxd3 Bd6 38. Be5 Bc5 39. Kc3 Bg1
40. h3 Kf8 41. Bd4 Bh2 42. Be3 e5 43. fxe5 Bxe5+ 44. Bd4 Bf4 45. Bf6 Bd6 46. b4
Ke8 47. a3 Kd7 48. Kd4 Kc6 49. b5+ Kd7 50. a4 Ke6 51. Ke4 Bc7 52. Bd4 Bd6 53.
a5 Bc7 54. axb6 axb6 55. c5 bxc5 56. Bxc5 Bd8 57. b6 Kd7 58. b7 Bc7 59. Ba7 Ke6
60. b8=Q Bxb8 61. Bxb8 f5+ 62. Kd4 Kf7 63. Ke5 Ke7 64. Bd6+ Kf7 65. Bc5 Kg7 66.
Ke6 h6 67. h4 hxg5 68. hxg5 f4 69. Bd4+ Kh7 70. Kf6 1-0

[Event "Russian Championship G15 2016"]
[Site "Loo"]
[Date "2016.04.24"]
[Round "5.14"]
[White "Levicheva, Ekaterina"]
[Black "Buchina, Polina"]
[Result "0-1"]
[WhiteElo "1766"]
[BlackElo "1711"]
[PlyCount "38"]
[EventDate "2016.04.20"]

1. e4 c5 2. Nf3 d6 3. d4 cxd4 4. Nxd4 Nf6 5. Nc3 Nc6 6. Bg5 Qb6 7. Nb3 Ng4 8.
Qd2 h6 9. Bf4 g5 10. Nd5 Qd8 11. Bb5 gxf4 12. Qa5 Qxa5+ 13. Nxa5 Kd7 14. Nc4
Rb8 15. h3 Nf6 16. O-O a6 17. Ne5+ dxe5 18. Nxf6+ Ke6 19. Bxc6 bxc6 {
далее запись неразбор~~ива} 0-1

[Event "Russian Championship G15 2016"]
[Site "Loo"]
[Date "2016.04.24"]
[Round "5.15"]
[White "Garmash, Aliona"]
[Black "Filippova, Margarita"]
[Result "1/2-1/2"]
[WhiteElo "1763"]
[BlackElo "1710"]
[PlyCount "118"]
[EventDate "2016.04.20"]

1. d4 Nf6 2. Nf3 e6 3. Bf4 c5 4. e3 d5 5. c3 Nc6 6. h3 Bd6 7. Bxd6 Qxd6 8. Bd3
O-O 9. Nbd2 e5 10. dxe5 Nxe5 11. Nxe5 Qxe5 12. Nf3 Qc7 13. O-O h6 14. Rc1 Rd8
15. Qc2 b6 16. Rfd1 Bb7 17. Be2 Qe7 18. Ne1 Rac8 19. Qf5 Ne4 20. Bf3 Nd6 21.
Qf4 Nc4 22. Nd3 b5 23. b3 Nb6 24. Ne5 Re8 25. Nd3 c4 26. Nb4 Red8 27. Qd4 Qc7
28. Bg4 Ra8 29. Nc2 a5 30. b4 Na4 31. Rb1 Re8 32. Qd2 Qe5 33. Nd4 Ba6 34. Bd7
Red8 35. Bxb5 Bxb5 36. Nxb5 axb4 37. Rxb4 Nc5 38. Nd4 Ne4 39. Qb2 Ra6 40. Ra1
Rda8 41. a3 Nc5 42. Nf3 Qd6 43. Ne1 Na4 44. Qd2 Qe5 45. Qd4 Qf5 46. Ra2 Ra5 47.
Qd2 Qf6 48. Rc2 Qe6 49. Qc1 Nc5 50. Ra2 Nb3 51. Qb2 Nc5 52. Rb8+ Rxb8 53. Qxb8+
Kh7 54. Qb4 Qa6 55. Qb1+ g6 56. Nc2 Na4 57. Qe1 Rb5 58. Nb4 Qf6 59. Rc2 Qf5
1/2-1/2

[Event "Russian Championship G15 2016"]
[Site "Loo"]
[Date "2016.04.24"]
[Round "5.16"]
[White "Urvacheva, Arina"]
[Black "Krikunova, Olesya"]
[Result "1-0"]
[WhiteElo "1750"]
[BlackElo "1756"]
[PlyCount "109"]
[EventDate "2016.04.20"]

1. d4 d6 2. Nf3 Nf6 3. c4 g6 4. Nc3 Bg7 5. h3 O-O 6. e4 Nbd7 7. Bg5 e5 8. d5 a5
9. Be2 Nc5 10. Nd2 c6 11. O-O h6 12. Be3 Nfd7 13. g4 Kh8 14. dxc6 bxc6 15. Nb3
Nxb3 16. axb3 Qh4 17. Kg2 h5 18. Qd2 Qe7 19. Rfd1 Nc5 20. Ra3 Nb7 21. Bh6 f5
22. gxh5 gxh5 23. Qg5 Qxg5+ 24. Bxg5 Rg8 25. Kh2 Bf8 26. Bf6+ Kh7 27. Raa1 Rg6
28. Bh4 Kh6 29. Rg1 Rxg1 30. Rxg1 Nc5 31. Bg5+ Kh7 32. exf5 Bxf5 33. Bxh5 Nxb3
34. Bf3 Nd4 35. Rg3 Rb8 36. Bc1 Rb4 37. Ne4 Nxf3+ 38. Rxf3 Bxe4 39. Rxf8 Rxc4
40. Bd2 Rc2 41. Bc3 a4 42. Ra8 Rxf2+ 43. Kg3 Rf3+ 44. Kg4 Rf4+ 45. Kg5 Bc2 46.
Ra6 Rf5+ 47. Kg4 Rf7 48. Rxc6 Rd7 49. Bb4 d5 50. Rxc2 Rb7 51. Bd6 e4 52. Rc7+
Rxc7 53. Bxc7 d4 54. Bb6 d3 55. Be3 1-0

[Event "Russian Championship G15 2016"]
[Site "Loo"]
[Date "2016.04.24"]
[Round "5.17"]
[White "Titievskaya, Elizaveta"]
[Black "Shengeliya, Anastasiya"]
[Result "0-1"]
[WhiteElo "1725"]
[BlackElo "1752"]
[PlyCount "24"]
[EventDate "2016.04.20"]

1. e4 e6 2. d4 d5 3. Nc3 Nf6 4. e5 Nfd7 5. Nf3 c5 6. Be3 Nc6 7. Be2 Qb6 8. Nb5
c4 9. Nc3 Qxb2 10. Na4 Bb4+ 11. Bd2 Bxd2+ 12. Qxd2 Qxa1+ 0-1